[Event "Prague Summer op 7th"]
[Site "Prague"]
[Date "2020.08.09"]
[Round "3"]
[White "Narr, Kevin"]
[Black "Dietz, Florian"]
[Result "0-1"]
[WhiteElo "2110"]
[BlackElo "2262"]
[PlyCount "76"]
[EventDate "2020.08.08"]
[EventType "swiss"]
[EventRounds "9"]
[EventCountry "CZE"]
[SourceTitle "CBM 197 Extra"]
[Source "ChessBase"]
[SourceDate "2020.09.30"]
[SourceVersion "1"]
[SourceVersionDate "2020.09.30"]
[SourceQuality "1"]

1. d4 Nf6 2. Nf3 g6 3. e3 Bg7 4. Be2 0-0 5. 0-0 d6 6. c4 Nbd7 7. Nc3 e5 8. Re1 e4 9. Nd2 Re8 10. Qc2 Qe7 11. b4 Nf8 12. a4 h5 13. a5 a6 14. Ra3 Bf5 15. Nd5 Qd8 16. Bb2 h4 17. Nxf6+ Qxf6 18. h3 Nh7 19. b5 Ng5 20. Bf1 Qe6 21. Kh2 Qd7 22. Qa4 axb5 23. cxb5 d5 24. Rc3 Ra6 25. Rec1 Rf6 26. Rxc7 Qe6 27. b6 Rb8 28. Ba3 Bxh3 29. Kg1 Qg4 30. Qd1 Nf3+ 31. Kh1 Rf5 32. Be7 f6 33. Bd6 Rg5 34. g3 hxg3 35. Bxg3 Bxf1 36. Nxf1 Rh5+ 37. Nh2 Qxg3 38. Rxg7+ Kxg7 0-1

[Event "GER-chT U16"]
[Site "Magdeburg"]
[Date "2019.12.30"]
[Round "7.1"]
[White "Dietz, Florian"]
[Black "Rietschel, Tilo"]
[Result "1/2-1/2"]
[WhiteElo "2116"]
[BlackElo "2005"]
[PlyCount "120"]
[EventDate "2019.12.27"]
[EventType "team-swiss"]
[EventRounds "7"]
[EventCountry "GER"]
[SourceTitle "CBM 194 Extra"]
[Source "ChessBase"]
[SourceDate "2020.03.31"]
[SourceVersion "1"]
[SourceVersionDate "2020.03.31"]
[SourceQuality "1"]
[WhiteTeam "Halle Reideburger"]
[BlackTeam "Luebeck"]
[WhiteTeamCountry "GER"]
[BlackTeamCountry "GER"]

1. e4 c5 2. Nf3 d6 3. d4 cxd4 4. Nxd4 Nf6 5. Nc3 g6 6. Be3 Bg7 7. f3 0-0 8. Bc4 Nc6 9. Qd2 Bd7 10. 0-0-0 Rc8 11. Bb3 Ne5 12. Kb1 Nc4 13. Bxc4 Rxc4 14. g4 Qb8 15. h4 b5 16. h5 b4 17. Nd5 Nxd5 18. exd5 g5 19. h6 Be5 20. Nb3 f6 21. Na5 Rc5 22. Bxc5 dxc5 23. Nc6 Bxc6 24. dxc6 Qd6 25. Qd5+ Qxd5 26. Rxd5 Bd6 27. Rhd1 Rc8 28. Rxd6 exd6 29. Rxd6 Kf7 30. Kc1 Rc7 31. Kd2 Ke7 32. Rd5 Rxc6 33. Kd3 c4+ 34. Kd4 c3 35. bxc3 Rxc3 36. Ra5 Kf7 37. Rxa7+ Kg6 38. Ke4 Rxc2 39. Ra6 Rc4+ 40. Ke3 Rf4 41. Rd6 Rc4 42. Rd4 Rc3+ 43. Ke4 Rc2 44. Rxb4 Rxa2 45. f4 gxf4 46. Kxf4 Rf2+ 47. Kg3 Rf1 48. Rb8 Ra1 49. Rb6 Kg5 50. Rb5+ Kxh6 51. Rh5+ Kg6 52. Kf4 Ra4+ 53. Kf3 Ra1 54. Kf4 Re1 55. Kf3 Re5 56. Rh1 Ra5 57. Kf4 Ra3 58. Rh5 Ra1 59. Kf3 Ra3+ 60. Kf4 Ra4+ 1/2-1/2

[Event "GER-ch U25-A"]
[Site "Willingen"]
[Date "2019.06.09"]
[Round "2"]
[White "Grund, Sebastian"]
[Black "Dietz, Florian"]
[Result "1/2-1/2"]
[WhiteElo "2051"]
[BlackElo "2139"]
[PlyCount "97"]
[EventDate "2019.06.08"]
[EventType "swiss"]
[EventRounds "9"]
[EventCountry "GER"]
[SourceTitle "CBM 191 Extra"]
[Source "ChessBase"]
[SourceDate "2019.09.30"]
[SourceVersion "1"]
[SourceVersionDate "2019.09.30"]
[SourceQuality "1"]

1. d4 Nf6 2. Nf3 e6 3. c4 b6 4. g3 Ba6 5. b3 Bb4+ 6. Bd2 Be7 7. Bg2 Bb7 8. Nc3 d5 9. cxd5 exd5 10. 0-0 0-0 11. Qc2 Nbd7 12. Ne5 c5 13. Nxd7 Qxd7 14. dxc5 bxc5 15. Rad1 Rfd8 16. Bg5 Qe6 17. Nb5 Ne8 18. Bxe7 Qxe7 19. Rfe1 d4 20. e4 Nf6 21. Na3 Nd7 22. f4 Nb6 23. Nc4 Rac8 24. Ne5 Ba6 25. Bf1 Bxf1 26. Kxf1 Qe6 27. Kg1 c4 28. Nxc4 Nxc4 29. bxc4 Rxc4 30. Qd3 Qc8 31. e5 Rc3 32. Qe4 d3 33. e6 d2 34. exf7+ Kxf7 35. Rf1 Rc1 36. Qe3 Rc3 37. Qxa7+ Kg8 38. Qf2 Qd7 39. f5 Rc2 40. a3 Rf8 41. Qe3 Kh8 42. Rf2 Re8 43. Rfxd2 Rxe3 44. Rxd7 h5 45. f6 Ree2 46. fxg7+ Kg8 47. Rd8+ Kxg7 48. R1d7+ Kf6 49. Rd6+ 1/2-1/2

[Event "Karlsruhe Grenke op"]
[Site "Karlsruhe"]
[Date "2019.04.18"]
[Round "1"]
[White "Dietz, Florian"]
[Black "Predojevic, Borki"]
[Result "0-1"]
[WhiteElo "2142"]
[BlackElo "2621"]
[PlyCount "68"]
[EventDate "2019.04.18"]
[EventType "swiss"]
[EventRounds "9"]
[EventCountry "GER"]
[SourceTitle "CBM 189 Extra"]
[Source "ChessBase"]
[SourceDate "2019.06.03"]
[SourceVersion "1"]
[SourceVersionDate "2019.06.03"]
[SourceQuality "1"]

1. e4 e5 2. Nf3 Nc6 3. Bb5 g6 4. 0-0 Bg7 5. c3 a6 6. Ba4 d6 7. d4 Bd7 8. Bb3 Nf6 9. Re1 0-0 10. Bg5 h6 11. Bh4 Bg4 12. Nbd2 exd4 13. cxd4 g5 14. d5 Nd4 15. Bg3 Nd7 16. h3 Nxf3+ 17. Nxf3 Bxf3 18. Qxf3 Bxb2 19. Rab1 Be5 20. Bd1 Rb8 21. Qf5 Bxg3 22. fxg3 Ne5 23. Rf1 Qe7 24. Be2 Kg7 25. a4 a5 26. Rb5 b6 27. Rc1 Rfc8 28. Rb2 c5 29. Rxb6 Rxb6 30. Qxc8 Rb4 31. Bb5 Rxe4 32. Qa8 Qc7 33. Rb1 Rb4 34. Rf1 c4 0-1

[Event "JBLN Ost 1819"]
[Site "Germany"]
[Date "2019.03.02"]
[Round "8.2"]
[White "Schnabel, Bennett"]
[Black "Dietz, Florian"]
[Result "0-1"]
[WhiteElo "2125"]
[BlackElo "2142"]
[PlyCount "78"]
[EventDate "2018.09.29"]
[EventType "team-tourn"]
[EventRounds "9"]
[EventCountry "GER"]
[SourceTitle "CBM 189 Extra"]
[Source "ChessBase"]
[SourceDate "2019.06.03"]
[SourceVersion "1"]
[SourceVersionDate "2019.06.03"]
[SourceQuality "1"]
[WhiteTeam "Berlin Mattnetz"]
[BlackTeam "Reideburg 90 Halle"]
[WhiteTeamCountry "GER"]
[BlackTeamCountry "GER"]

1. e4 c5 2. Nf3 Nc6 3. d4 cxd4 4. Nxd4 g6 5. c4 Bg7 6. Be3 Nf6 7. Nc3 0-0 8. Be2 d6 9. f3 Nxd4 10. Bxd4 Be6 11. Qd2 Qa5 12. Rc1 a6 13. b3 Bd7 14. 0-0 Rfc8 15. Qb2 Be6 16. Na4 Ne8 17. Rfd1 b5 18. Bxg7 Nxg7 19. cxb5 axb5 20. Rxc8+ Rxc8 21. Bxb5 Qxb5 22. Rc1 Rxc1+ 23. Qxc1 Qb4 24. Qe3 Ne8 25. h3 Qa3 26. Qd2 Bd7 27. Nc3 Qb4 28. Qd3 Nc7 29. Kh1 Bc6 30. e5 dxe5 31. Qd8+ Kg7 32. Qxc7 Qxc3 33. Kh2 Qc5 34. b4 Qd6 35. Qa5 e4+ 36. Kg1 exf3 37. b5 Qd1+ 38. Kh2 fxg2 39. Qc3+ f6 0-1

[Event "JBLN Ost 1819"]
[Site "Germany"]
[Date "2019.01.19"]
[Round "7.2"]
[White "Dietz, Florian"]
[Black "Breitzmann, Sander"]
[Result "1-0"]
[WhiteElo "2142"]
[BlackElo "1836"]
[PlyCount "51"]
[EventDate "2018.09.29"]
[EventType "team-tourn"]
[EventRounds "9"]
[EventCountry "GER"]
[SourceTitle "CBM 189 Extra"]
[Source "ChessBase"]
[SourceDate "2019.06.03"]
[SourceVersion "1"]
[SourceVersionDate "2019.06.03"]
[SourceQuality "1"]
[WhiteTeam "Reideburg 90 Halle"]
[BlackTeam "Berlin Empor"]
[WhiteTeamCountry "GER"]
[BlackTeamCountry "GER"]

1. e4 e5 2. Nf3 Nc6 3. Bb5 a6 4. Ba4 Nf6 5. 0-0 Nxe4 6. d4 b5 7. Bb3 d5 8. dxe5 Be6 9. Qe2 Be7 10. Rd1 Nc5 11. c4 d4 12. cxb5 Bxb3 13. axb3 d3 14. Qe3 axb5 15. Rxa8 Qxa8 16. Nc3 b4 17. Ne4 Nxb3 18. Qxd3 Nxc1 19. Qd7+ Kf8 20. Rxc1 Nd8 21. h3 Ne6 22. Neg5 Nxg5 23. Rxc7 Qd8 24. Rc8 Ne6 25. Nd4 Qxc8 26. Nxe6+ 1-0

[Event "JBLN Ost 1819"]
[Site "Germany"]
[Date "2019.01.12"]
[Round "5.2"]
[White "Dietz, Florian"]
[Black "Tham, Nam"]
[Result "1-0"]
[WhiteElo "2142"]
[BlackElo "1836"]
[PlyCount "83"]
[EventDate "2018.09.29"]
[EventType "team-tourn"]
[EventRounds "9"]
[EventCountry "GER"]
[SourceTitle "CBM 189 Extra"]
[Source "ChessBase"]
[SourceDate "2019.06.03"]
[SourceVersion "1"]
[SourceVersionDate "2019.06.03"]
[SourceQuality "1"]
[WhiteTeam "Reideburg 90 Halle"]
[BlackTeam "Weisse Dame"]
[WhiteTeamCountry "GER"]
[BlackTeamCountry "GER"]

1. e4 e5 2. Nf3 Nc6 3. Bb5 a6 4. Ba4 Nf6 5. 0-0 b5 6. Bb3 Bc5 7. d3 d6 8. h3 h6 9. c3 Bb6 10. Be3 Rb8 11. Bxb6 Rxb6 12. Re1 0-0 13. Nbd2 Ne7 14. d4 Ng6 15. Nf1 Qe7 16. Ng3 Nf4 17. Qd2 N6h5 18. Rad1 Qf6 19. Qe3 Re8 20. Kh2 Qg6 21. dxe5 Bb7 22. exd6 Rxd6 23. Rxd6 cxd6 24. Qa7 Bc8 25. e5 d5 26. Qd4 Bb7 27. Nh4 Qg5 28. Nhf5 Nxg3 29. Nxg3 h5 30. Qb6 Ba8 31. Qxa6 h4 32. Qxb5 Rf8 33. a4 d4 34. cxd4 Bxg2 35. e6 Qg6 36. exf7+ Kh7 37. Qc5 hxg3+ 38. fxg3 Qh6 39. Qf5+ Ng6 40. Kxg2 Rb8 41. Re2 Rf8 42. Bc2 1-0

[Event "JBLN Ost 1819"]
[Site "Germany"]
[Date "2018.09.29"]
[Round "1.2"]
[White "Dietz, Florian"]
[Black "Seitz, Manuel"]
[Result "1-0"]
[WhiteElo "2142"]
[BlackElo "1710"]
[PlyCount "115"]
[EventDate "2018.09.29"]
[EventType "team-tourn"]
[EventRounds "9"]
[EventCountry "GER"]
[SourceTitle "CBM 189 Extra"]
[Source "ChessBase"]
[SourceDate "2019.06.03"]
[SourceVersion "1"]
[SourceVersionDate "2019.06.03"]
[SourceQuality "1"]
[WhiteTeam "Reideburg 90 Halle"]
[BlackTeam "Falkensee Caissa"]
[WhiteTeamCountry "GER"]
[BlackTeamCountry "GER"]

1. e4 e5 2. Nf3 Nc6 3. Bb5 a6 4. Ba4 Nf6 5. 0-0 Be7 6. Qe2 b5 7. Bb3 0-0 8. c3 d6 9. h3 Na5 10. Bc2 c5 11. d4 Qc7 12. d5 Bd7 13. b3 Rfc8 14. Nbd2 b4 15. c4 Nb7 16. Bb2 Bf8 17. Nh2 Re8 18. Ng4 Qd8 19. Nxf6+ Qxf6 20. f4 Qg6 21. f5 Qh6 22. Kh2 Be7 23. Nf3 g6 24. Bc1 Qg7 25. Be3 g5 26. Ng1 f6 27. Qf3 h6 28. Ne2 Qh7 29. Kg1 Kg7 30. Ng3 Rh8 31. Nh5+ Kf8 32. Bd1 Be8 33. Qg3 Bf7 34. Rf2 Rb8 35. a3 a5 36. axb4 axb4 37. Rfa2 Ke8 38. Qf2 Kd7 39. Ra7 Rhc8 40. Qa2 Qg8 41. Qa6 Rc7 42. Qb5+ Kd8 43. Ra8 Rcc8 44. Rxb8 Rxb8 45. Ra7 Be8 46. Rxb7 Rxb7 47. Qxb7 Qf8 48. Kf2 Qh8 49. Ng3 Qf8 50. Bh5 Bd7 51. Bg4 Be8 52. Qb8+ Kd7 53. Bh5 Bxh5 54. Qxf8 Bxf8 55. Nxh5 Ke7 56. Kf3 Kf7 57. Kg4 Ke7 58. Ng3 1-0

[Event "Staufer op-A 30th"]
[Site "Schwaebisch Gmuend"]
[Date "2018.01.06"]
[Round "9"]
[White "Dietz, Florian"]
[Black "Neukirchner, Pascal"]
[Result "0-1"]
[WhiteElo "1997"]
[BlackElo "2198"]
[PlyCount "84"]
[EventDate "2018.01.02"]
[EventType "swiss"]
[EventRounds "9"]
[EventCountry "GER"]
[SourceTitle "CBM 182 Extra"]
[Source "ChessBase"]
[SourceDate "2018.02.23"]
[SourceVersion "1"]
[SourceVersionDate "2018.02.23"]
[SourceQuality "1"]

1. e4 c5 2. Nf3 g6 3. d4 cxd4 4. Nxd4 Bg7 5. Nc3 Nc6 6. Be3 Nf6 7. Bc4 0-0 8. Bb3 Re8 9. 0-0 d6 10. h3 Na5 11. f4 b6 12. Qd3 Nxb3 13. axb3 Bb7 14. Nf3 Nh5 15. Kh2 e5 16. fxe5 dxe5 17. Qb5 Nf6 18. Ra4 Re6 19. Rd1 Qc8 20. Ng5 Rc6 21. Qd3 h6 22. Nf3 a6 23. Rc4 b5 24. Rxc6 Qxc6 25. Nd5 Nxd5 26. exd5 Qd6 27. Kh1 f5 28. Qd2 f4 29. Bg1 e4 30. Nd4 e3 31. Qd3 Qxd5 32. Qxg6 Rd8 33. Rd3 Qxg2+ 34. Qxg2 Bxg2+ 35. Kxg2 Rxd4 36. Rxd4 Bxd4 37. c3 e2 38. Bf2 Bxf2 39. Kxf2 f3 40. b4 Kf7 41. b3 Ke6 42. c4 bxc4 0-1

[Event "GER-chT Lands U20"]
[Site "Hannover"]
[Date "2017.10.04"]
[Round "7.5"]
[White "Dietz, Florian"]
[Black "Koehler, Inken"]
[Result "1-0"]
[WhiteElo "1992"]
[BlackElo "1948"]
[PlyCount "97"]
[EventDate "2017.09.29"]
[EventType "team-swiss"]
[EventRounds "7"]
[EventCountry "GER"]
[SourceTitle "EXT 2018"]
[Source "ChessBase"]
[SourceDate "2017.10.13"]
[SourceVersion "1"]
[SourceVersionDate "2017.10.13"]
[SourceQuality "1"]
[WhiteTeam "Sachsen Anhalt U20"]
[BlackTeam "Schleswig Holstein U20"]
[WhiteTeamCountry "GER"]
[BlackTeamCountry "GER"]

1. e4 e6 2. d4 d5 3. Nd2 dxe4 4. Nxe4 Bd7 5. Nf3 Bc6 6. Bd3 Nd7 7. 0-0 Be7 8. c3 Ngf6 9. Nxf6+ Nxf6 10. Re1 Bxf3 11. Qxf3 Qd5 12. Qe2 0-0 13. Bf4 c6 14. Qd2 Rac8 15. Re5 Qd7 16. Bg5 Nd5 17. Bxe7 Qxe7 18. Rae1 h6 19. Bc2 Qf6 20. Qd3 g6 21. Qg3 Qf4 22. Qd3 Qf6 23. Qh3 Kg7 24. g3 Rh8 25. Qg4 h5 26. Qd1 Rcd8 27. Bb1 c5 28. R5e4 cxd4 29. Rxd4 b5 30. Re2 h4 31. Be4 hxg3 32. fxg3 Nb6 33. Red2 Rxd4 34. Rxd4 Nc4 35. Qe2 a6 36. Bd3 Ne5 37. Rf4 Qg5 38. Be4 Nc4 39. Qf2 f5 40. Bd3 Qe7 41. Bxc4 e5 42. Qe3 Qc7 43. Rxf5 gxf5 44. Qg5+ Kh7 45. Qxf5+ Kh6 46. Qf6+ Kh7 47. Bf7 Qc5+ 48. Kf1 Rg8 49. Qf5+ 1-0

[Event "GER-chT Lands U20"]
[Site "Hannover"]
[Date "2017.10.03"]
[Round "6.5"]
[White "Krastev, Alexander"]
[Black "Dietz, Florian"]
[Result "1/2-1/2"]
[WhiteElo "2030"]
[BlackElo "1992"]
[PlyCount "144"]
[EventDate "2017.09.29"]
[EventType "team-swiss"]
[EventRounds "7"]
[EventCountry "GER"]
[SourceTitle "EXT 2018"]
[Source "ChessBase"]
[SourceDate "2017.10.13"]
[SourceVersion "1"]
[SourceVersionDate "2017.10.13"]
[SourceQuality "1"]
[WhiteTeam "Hessen U20"]
[BlackTeam "Sachsen Anhalt U20"]
[WhiteTeamCountry "GER"]
[BlackTeamCountry "GER"]

1. e4 c5 2. Nc3 d6 3. f4 g6 4. Nf3 Bg7 5. Bc4 Nc6 6. d3 e6 7. 0-0 Nge7 8. Qe1 0-0 9. Qh4 Na5 10. f5 gxf5 11. Bg5 f6 12. Bh6 Bxh6 13. Qxh6 Nxc4 14. dxc4 fxe4 15. Nxe4 Nf5 16. Qd2 b6 17. g4 d5 18. Rad1 Nd4 19. Ng3 e5 20. Nxe5 fxe5 21. Rxf8+ Kxf8 22. Rf1+ Kg8 23. Nh5 Be6 24. c3 dxc4 25. Qe3 Nc6 26. Qh6 Qe7 27. Nf6+ Kh8 28. Nxh7 Qxh7 29. Qxe6 Rg8 30. Qxc6 Rxg4+ 31. Kh1 Qe4+ 32. Qxe4 Rxe4 33. Kg2 Kg7 34. Rf3 Re2+ 35. Rf2 Re3 36. Kf1 Rd3 37. Ke2 e4 38. Rf4 Rh3 39. Rxe4 Rxh2+ 40. Kd1 Rxb2 41. Re7+ Kf6 42. Rxa7 Ke6 43. Kc1 Rb5 44. Rb7 Kd5 45. Kc2 Kc6 46. Rh7 Ra5 47. Kb2 Kb5 48. Rh8 Ra7 49. Rc8 Ka5 50. Kb1 Ka6 51. Kb2 Rh7 52. Rg8 Rh5 53. Rg6 Ka5 54. Rg8 b5 55. Ra8+ Kb6 56. Rb8+ Kc6 57. Kb1 Rh2 58. Rc8+ Kb6 59. Rb8+ Ka6 60. Rc8 Rh5 61. Rb8 Rh7 62. Kb2 Ka5 63. Ra8+ Kb6 64. Rg8 b4 65. Rb8+ Rb7 66. Rh8 Ka7 67. Rh4 bxc3+ 68. Kxc3 Rb4 69. Rxc4 Rxc4+ 70. Kxc4 Kb6 71. a4 Ka5 72. Kxc5 Kxa4 1/2-1/2

[Event "GER-chT Lands U20"]
[Site "Hannover"]
[Date "2017.09.30"]
[Round "1.4"]
[White "Lutz, Ruben"]
[Black "Dietz, Florian"]
[Result "1-0"]
[WhiteElo "1922"]
[BlackElo "1992"]
[PlyCount "58"]
[EventDate "2017.09.29"]
[EventType "team-swiss"]
[EventRounds "7"]
[EventCountry "GER"]
[SourceTitle "EXT 2018"]
[Source "ChessBase"]
[SourceDate "2017.10.13"]
[SourceVersion "1"]
[SourceVersionDate "2017.10.13"]
[SourceQuality "1"]
[WhiteTeam "Sachsen U20"]
[BlackTeam "Sachsen Anhalt U20"]
[WhiteTeamCountry "GER"]
[BlackTeamCountry "GER"]

1. e4 c5 2. c3 Nf6 3. e5 Nd5 4. Nf3 d6 5. d4 cxd4 6. cxd4 e6 7. Bc4 Nc6 8. 0-0 Be7 9. Qe2 0-0 10. Nc3 Nxc3 11. bxc3 Bd7 12. Bd3 dxe5 13. dxe5 Qa5 14. Rb1 Rab8 15. Rb5 Qc7 16. Bg5 a6 17. Bxe7 Nxe7 18. Bxh7+ Kxh7 19. Ng5+ Kg6 20. Qg4 f5 21. Qg3 f4 22. Qh4 Nf5 23. Qh7+ Kxg5 24. h4+ Nxh4 25. g3 Ng6 26. Rb4 Qxe5 27. Qh3 Bc6 28. f3 Kf6 29. gxf4 Nxf4 1-0

[Event "GER-ch U14"]
[Site "Willingen"]
[Date "2017.06.10"]
[Round "9"]
[White "Weishaeutel, Moritz"]
[Black "Dietz, Florian"]
[Result "0-1"]
[WhiteElo "2071"]
[BlackElo "1920"]
[PlyCount "84"]
[EventDate "2017.06.04"]
[EventType "swiss"]
[EventRounds "9"]
[EventCountry "GER"]
[SourceTitle "CBM 178 Extra"]
[Source "ChessBase"]
[SourceDate "2017.06.22"]
[SourceVersion "1"]
[SourceVersionDate "2017.06.22"]
[SourceQuality "1"]

1. e4 c5 2. Nc3 Nc6 3. Nge2 g6 4. g3 Bg7 5. Bg2 e6 6. d3 Nge7 7. h4 d5 8. h5 d4 9. Nb1 e5 10. Nd2 Be6 11. Nf3 h6 12. hxg6 fxg6 13. Bh3 Qd7 14. Bxe6 Qxe6 15. b3 0-0-0 16. Ba3 b6 17. Qd2 Rdf8 18. Nfg1 h5 19. Nh3 h4 20. gxh4 Rxh4 21. Neg1 Qg4 22. f3 Qh5 23. Qg2 Rh8 24. 0-0-0 Bh6+ 25. f4 Bxf4+ 26. Nxf4 exf4 27. Rxh4 Qxh4 28. Nf3 Qh3 29. Qf2 Rg8 30. Rg1 Kb7 31. Kb1 Qe6 32. Bc1 Qd6 33. Rg4 Rf8 34. Qh2 Ne5 35. Nxe5 Qxe5 36. Bxf4 Qh5 37. Qg3 Nc6 38. Kb2 Rg8 39. Rg5 Qe2 40. Rxg6 Nb4 41. Rg7+ Ka6 42. Bd2 Qxd2 0-1

[Event "GER-ch U14"]
[Site "Willingen"]
[Date "2017.06.05"]
[Round "3"]
[White "Buller, Ian Joshua"]
[Black "Dietz, Florian"]
[Result "0-1"]
[WhiteElo "1677"]
[BlackElo "1920"]
[PlyCount "69"]
[EventDate "2017.06.04"]
[EventType "swiss"]
[EventRounds "9"]
[EventCountry "GER"]
[SourceTitle "CBM 178 Extra"]
[Source "ChessBase"]
[SourceDate "2017.06.22"]
[SourceVersion "1"]
[SourceVersionDate "2017.06.22"]
[SourceQuality "1"]

1. e4 c5 2. Nf3 Nc6 3. Nc3 g6 4. d4 cxd4 5. Nxd4 Bg7 6. Nb3 Nf6 7. Be2 0-0 8. 0-0 d6 9. Re1 a6 10. Bf1 b5 11. Bg5 Bb7 12. a4 b4 13. Nd5 Re8 14. Bxf6 Bxf6 15. Nxf6+ exf6 16. Qd2 Qc7 17. Rad1 Rad8 18. Nd4 Qb6 19. Kh1 d5 20. Nxc6 Bxc6 21. exd5 Rxe1 22. Qxe1 Bxd5 23. Rd3 Qb7 24. Qd2 Rd7 25. f3 a5 26. Rd4 Kg7 27. Bc4 Bc6 28. Rxd7 Qxd7 29. Qxd7 Bxd7 30. Bb5 Bxb5 31. axb5 a4 32. h4 a3 33. b3 a2 34. b6 a1Q+ 35. Kh2 0-1

[Event "GER-ch U14"]
[Site "Willingen"]
[Date "2017.06.04"]
[Round "1"]
[White "Koellner, Ruben Gideon"]
[Black "Dietz, Florian"]
[Result "1/2-1/2"]
[WhiteElo "2117"]
[BlackElo "1920"]
[PlyCount "126"]
[EventDate "2017.06.04"]
[EventType "swiss"]
[EventRounds "9"]
[EventCountry "GER"]
[SourceTitle "CBM 178 Extra"]
[Source "ChessBase"]
[SourceDate "2017.06.22"]
[SourceVersion "1"]
[SourceVersionDate "2017.06.22"]
[SourceQuality "1"]

1. d4 Nf6 2. Nf3 c5 3. e3 g6 4. c3 cxd4 5. exd4 Bg7 6. Bd3 0-0 7. Nbd2 Nc6 8. 0-0 d5 9. Re1 Nd7 10. Qb3 Nb6 11. a4 Qd6 12. Nf1 e5 13. dxe5 Nxe5 14. Nxe5 Bxe5 15. Bh6 Rd8 16. Bg5 f6 17. Be3 Be6 18. Qc2 Bf7 19. Rad1 Rac8 20. a5 Nd7 21. Qd2 f5 22. Bxa7 Ra8 23. Bd4 Rxa5 24. Bxe5 Nxe5 25. Qf4 Nxd3 26. Qxd6 Rxd6 27. Rxd3 Rb6 28. b4 Ra3 29. Ne3 Rxb4 30. Nxd5 Bxd5 31. Rxd5 Rxc3 32. Rd7 Re4 33. Ra1 Rec4 34. Kf1 Rc1+ 35. Rxc1 Rxc1+ 36. Ke2 Rc2+ 37. Ke3 b5 38. Rb7 Rb2 39. g3 Rb3+ 40. Kf4 Rb2 41. Kg5 Rxf2 42. Kf6 h5 43. Kxg6 Kf8 44. Rxb5 Rxh2 45. Rxf5+ Ke7 46. Rxh5 Rg2 47. Rg5 Kf8 48. g4 Ra2 49. Kh7 Rh2+ 50. Kg6 Ra2 51. Kh6 Rg2 52. Kg6 Ra2 53. Rb5 Ra6+ 54. Kh7 Ra7+ 55. Kh8 Kf7 56. Kh7 Kf8+ 57. Kg6 Ra6+ 58. Kf5 Kg7 59. g5 Rc6 60. Rb7+ Kg8 61. Re7 Ra6 62. g6 Ra1 63. Re5 Kg7 1/2-1/2

[Event "Bad Zwesten op 17th"]
[Site "Bad Zwesten"]
[Date "2017.01.05"]
[Round "6"]
[White "Dietz, Florian"]
[Black "Schmehl, Torsten"]
[Result "1/2-1/2"]
[WhiteElo "1922"]
[BlackElo "1719"]
[PlyCount "130"]
[EventDate "2017.01.02"]
[EventType "swiss"]
[EventRounds "7"]
[EventCountry "GER"]
[SourceTitle "CBM 176 Extra"]
[Source "ChessBase"]
[SourceDate "2017.03.02"]
[SourceVersion "1"]
[SourceVersionDate "2017.03.02"]
[SourceQuality "1"]

1. e4 e6 2. d4 d5 3. Nd2 c5 4. exd5 exd5 5. Ngf3 Nf6 6. Bb5+ Bd7 7. Bxd7+ Nbxd7 8. 0-0 Be7 9. dxc5 Bxc5 10. Re1+ Kf8 11. Nb3 Be7 12. Nfd4 g6 13. Bh6+ Kg8 14. Qd2 Bf8 15. Bg5 h6 16. Bf4 a6 17. Rad1 Nh5 18. Be3 Nhf6 19. Ne2 Qc7 20. Nf4 Ng4 21. Bd4 Bg7 22. Bxg7 Kxg7 23. h3 Ngf6 24. Nxd5 Nxd5 25. Qxd5 Nf6 26. Qe5 Qxe5 27. Rxe5 Rhd8 28. Rd4 b5 29. Re1 Rxd4 30. Nxd4 Rd8 31. c3 Kf8 32. Re2 b4 33. Kf1 bxc3 34. bxc3 Nd5 35. Rd2 Rc8 36. Ne2 Rc5 37. Rd3 Nf6 38. f3 Rb5 39. Rd6 Nd5 40. Rxa6 Rb1+ 41. Kf2 Rb2 42. Ke1 Rc2 43. a4 Nxc3 44. Nxc3 Rxc3 45. Ra7 Ra3 46. a5 Kg7 47. Kf2 Kf6 48. Kg3 Ra4 49. a6 Ra3 50. Ra8 Kg7 51. Kf4 Kf6 52. Ke4 Ke6 53. Kd4 Kd6 54. Kc4 Kc6 55. a7 Kb6 56. Kd4 Ra2 57. g3 Ra4+ 58. Ke5 Ra5+ 59. Kf6 Rf5+ 60. Kg7 Rxf3 61. Kxh6 Rxg3 62. Rf8 Rxh3+ 63. Kg7 Kxa7 64. Rxf7+ Kb8 65. Kxg6 Rg3+ 1/2-1/2

[Event "Bad Zwesten op 17th"]
[Site "Bad Zwesten"]
[Date "2017.01.04"]
[Round "4"]
[White "Dietz, Florian"]
[Black "Chu, Ruotong"]
[Result "0-1"]
[WhiteElo "1922"]
[BlackElo "2130"]
[PlyCount "82"]
[EventDate "2017.01.02"]
[EventType "swiss"]
[EventRounds "7"]
[EventCountry "GER"]
[SourceTitle "CBM 176 Extra"]
[Source "ChessBase"]
[SourceDate "2017.03.02"]
[SourceVersion "1"]
[SourceVersionDate "2017.03.02"]
[SourceQuality "1"]

1. e4 e5 2. Nf3 Nf6 3. Nxe5 d6 4. Nf3 Nxe4 5. d4 d5 6. Bd3 Nc6 7. 0-0 Be7 8. Nc3 Nxc3 9. bxc3 Bg4 10. Re1 0-0 11. Rb1 Rb8 12. Bf4 Bd6 13. Bxd6 Qxd6 14. Bxh7+ Kxh7 15. Ng5+ Kg6 16. Qxg4 f5 17. Qh4 Rh8 18. Re6+ Qxe6 19. Qxh8 Qe7 20. Qh7+ Kxg5 21. Kf1 Re8 22. f4+ Kf6 23. Qh4+ Kf7 24. Qh5+ g6 25. Qh7+ Kf6 26. Qh4+ Kg7 27. Qxe7+ Rxe7 28. Rxb7 Kf7 29. Kf2 Ke6 30. g3 Kd6 31. Rb5 Re8 32. Rb3 Rb8 33. Ke2 Rxb3 34. cxb3 Nb8 35. Ke3 Nd7 36. Kd2 Nf6 37. Kc2 Ng4 38. h3 Nf2 39. h4 Ne4 40. Kd3 Nxg3 41. Ke3 c5 0-1

[Event "GER-chT U14"]
[Site "Duesseldorf"]
[Date "2016.12.29"]
[Round "5.1"]
[White "Dietz, Florian"]
[Black "Garbuz, Vitaliy"]
[Result "1-0"]
[WhiteElo "1893"]
[BlackElo "1777"]
[PlyCount "77"]
[EventDate "2016.12.27"]
[EventType "team-swiss"]
[EventRounds "7"]
[EventCountry "GER"]
[SourceTitle "EXT 2018"]
[Source "ChessBase"]
[SourceDate "2017.10.13"]
[SourceVersion "1"]
[SourceVersionDate "2017.10.13"]
[SourceQuality "1"]
[WhiteTeam "Halle Reideburger U14"]
[BlackTeam "Brackel U14"]
[WhiteTeamCountry "GER"]
[BlackTeamCountry "GER"]

1. e4 c5 2. Nf3 d6 3. d4 cxd4 4. Nxd4 Nf6 5. Nc3 Nc6 6. Be3 e6 7. Be2 Be7 8. 0-0 0-0 9. f4 e5 10. Nb3 exf4 11. Bxf4 Ne5 12. Qd2 Be6 13. Kh1 Rc8 14. Rad1 a6 15. Qe1 Qc7 16. Qg3 b5 17. a3 Bc4 18. Bxc4 bxc4 19. Nd4 Nh5 20. Qe3 Nxf4 21. Qxf4 Ng6 22. Qg3 d5 23. Qxc7 Rxc7 24. exd5 Rb7 25. Na4 Ne5 26. Rfe1 Ng4 27. Re2 Bf6 28. c3 Rd8 29. Nc6 Rc8 30. h3 Nh6 31. Nc5 Rb6 32. Nd7 Rb7 33. Nxf6+ gxf6 34. Ne7+ Rxe7 35. Rxe7 Nf5 36. d6 Rd8 37. Rc7 Rxd6 38. Rxd6 Nxd6 39. Rc6 1-0

[Event "GER-chT U14"]
[Site "Duesseldorf"]
[Date "2016.12.29"]
[Round "6.1"]
[White "Wong, Gengchun"]
[Black "Dietz, Florian"]
[Result "0-1"]
[WhiteElo "2028"]
[BlackElo "1893"]
[PlyCount "32"]
[EventDate "2016.12.27"]
[EventType "team-swiss"]
[EventRounds "7"]
[EventCountry "GER"]
[SourceTitle "EXT 2018"]
[Source "ChessBase"]
[SourceDate "2017.10.13"]
[SourceVersion "1"]
[SourceVersionDate "2017.10.13"]
[SourceQuality "1"]
[WhiteTeam "Dresden Leuben U14"]
[BlackTeam "Halle Reideburger U14"]
[WhiteTeamCountry "GER"]
[BlackTeamCountry "GER"]

1. e4 c5 2. Nf3 Nc6 3. d4 cxd4 4. Nxd4 g6 5. Nc3 Bg7 6. Be3 Nf6 7. Bc4 0-0 8. Bb3 Re8 9. f3 e6 10. 0-0 d5 11. exd5 Nxd5 12. Nxd5 exd5 13. Bf2 Qg5 14. Kh1 Qh5 15. Re1 Rxe1+ 16. Qxe1 Bxd4 0-1